000 00546nam a22002057a 4500
003 OSt
005 20240619100549.0
008 240619b |||||||| |||| 00| 0 eng d
020 _a0194424286
040 _cMUST
082 _a535 WEL 1981
100 _aWelford, W. T.
_917493
245 _aOptics /
_cW. T. Welford
250 _a2nd.ed.
260 _aOxford
_bOxford University Press
_c1981
300 _avii,149p,:
_bill :
_c20 cm.
504 _aIncludes bibliographical references and index
650 _aPhysics
_9809
942 _2ddc
_cO_SHELF
999 _c8639
_d8639